América Latina: ciudadanía, exclusión, violencia /
Uloženo v:
| Hlavní autor: | |
|---|---|
| Další autoři: | |
| Médium: | Text |
| Tagy: |
Přidat tag
Žádné tagy, Buďte první, kdo vytvoří štítek k tomuto záznamu!
|
MARC
| LEADER | 00000 a a2200000 04500 | ||
|---|---|---|---|
| 001 | 43352 | ||
| 003 | |||
| 040 | |||
| 100 | |a Kruijt, Dirk | ||
| 245 | |a América Latina: |b ciudadanía, exclusión, violencia / |c Dirk Kruijt ; Carlos Sojo | ||
| 700 | |a Sojo, Carlos | ||
| 773 | |g páginas 17-48 : tablas | ||
| 999 | |c 26907 |d 26907 | ||
